| 000 | 01548nam a2200397 a 4500 | ||
|---|---|---|---|
| 001 | 60227 | ||
| 003 | CO-BoRNBP | ||
| 005 | 20251216210314.0 | ||
| 007 | ta | ||
| 008 | 050523s2004 ck a g t 0 0 0 spa | ||
| 020 | _a9589085946 (o.c.) | ||
| 020 | _a9589085954 (v.1) | ||
| 020 | _a9589085962 (v.2) | ||
| 020 | _a9589085970 (v.3) | ||
| 020 | _a9589085989 (v.4) | ||
| 020 | _a9589085997 (v.5) | ||
| 040 |
_aCO-BoBN _bspa _cCO-BoBN |
||
| 082 | 0 | 4 |
_a005.3 _223 |
| 084 | _a0 | ||
| 100 | 1 |
_aLoerincs, Gábor _968081 |
|
| 245 | 1 | 0 |
_aManual moderno de informática / _c[Gábor Loerincs ; actualización Omar Zabala] |
| 250 | _a4a. ed. | ||
| 300 |
_a5 v. : _bil. ; _c26 cm + _e1 CD-ROM |
||
| 336 |
_2rdacontent _atexto _btxt |
||
| 337 |
_2rdamedia _asin mediación _bn |
||
| 338 |
_2rdacarrier _avolumen _bnc |
||
| 500 | _aIncluye glosario en el v. 5. | ||
| 500 | _aEn Cd-Rom: Fundamentos Windodws 98, Explorando su PC, Microsoft, Explorer, Introducción a Windows 2000, Sitios Web | ||
| 500 | _aAutor tomado de reverso de la port. | ||
| 505 | 0 | _av.1. Introducción a la computación -- Sistema operativo DOS -- v.2. Lenguaje de programación: Basic, Pascal, C -- v.3. El ambiente Windows -- v.4. Aplicaciones Windows: Word, Excel, Power point -- v.5. Multimedia, Internet, Pentium. | |
| 650 | 1 | 4 |
_aMicrocomputadores _vManuales _2LEMB _968082 |
| 650 | 2 | 4 |
_aLenguajes de programación (Computadores electrónicos) _2LEMB _934065 |
| 650 | 2 | 4 |
_aInternet (Red de computadores) _2LEMB _98618 |
| 700 | 1 |
_aZabala, Omar _968083 |
|
| 942 |
_2ddc _cBK |
||
| 999 |
_c60227 _d60227 |
||